01545nam a2200277 i 450000100060000000300090000600500170001500700030003200800410003510000310007624502170010726000610032430000210038550000550040650000190046150001380048070000430061870000310066170000270069270000290071985200860074885201620083499900170099695201270101395201270114042469ES-MaACL20251013220208.0t|030331s1869 sp ||||1| spa d1 aCrémieux, Hector.94149310aGenoveva de Brabante b: zarzuela bufa en tres actos / cescrita en francés por Mrs. Cremieux y Trefeu ; música del célebre... Offembach ; arreglada a la escena española por los señores Godino y Bardan. aMadrid : b[s.n.], c1869 (fImp. de José Rodríguez) a82 p. ; c18 cm. aPrecede al tit.: Repertorio de los Bufos Arderius. aSolo el texto. aRepresentada por primera vez en la inauguración de la segunda temporada del Teatro de los Bufos Arderius en 4 de setiembre de 1869.1 aTréfeu, Etienne, d1821-190391480621 aOffembach, Jacques.9865581 aGodino, Manuel.9575271 aBardan, Federico.925573 aES-MaACLjD-677(1) q. - Encuadernado con otras obras z.- Legado M. de la Fuente1 aBA jF-8552(1) zEnc. en un vol. facticio, formando parte de la col. facticia "Teatro español moderno", v. 4 zFirma manuscrita de Gustavo Saenz Diez, 1878 c42469d42469 001040708LIBXIXaATENEOMbATENEOMcSPP2d2009-03-31eSCl0oF-8552(1)p1179132r2023-02-23 00:00:00w2023-02-23yMONANT 001040708LIBXIXaATENEOMbATENEOMcSVId2008-01-17eSCl0oD-677(1)p901044699r2023-02-23 00:00:00w2023-02-23yMONANT